New language bearings in Africa : a fresh quest
Αποθηκεύτηκε σε:
| Άλλοι συγγραφείς: | , |
|---|---|
| Μορφή: | Βιβλίο |
| Γλώσσα: | English |
| Δημοσίευση: |
Clevedon :
Multilingual matters,
2004
|
| Θέματα: | |
| Ετικέτες: |
Προσθήκη ετικέτας
Δεν υπάρχουν, Καταχωρήστε ετικέτα πρώτοι!
|
MARC
| LEADER | 00000nam a2200000 i 4500 | ||
|---|---|---|---|
| 001 | 1/61550 | ||
| 008 | 040923u2004 eng d | ||
| 020 | |a 1-85359-727-9 | ||
| 035 | |l 10074494 | ||
| 040 | |a GR-MY-UA |b gre |e aacr | ||
| 041 | 0 | |a eng | |
| 082 | 0 | |a 409.6 | |
| 245 | 1 | 0 | |a New language bearings in Africa : |b a fresh quest / |c edited by Margaret Jepkirui Muthwii and Angelina Nduku Kioko |
| 260 | |a Clevedon : |b Multilingual matters, |c 2004 | ||
| 300 | |a 156 p. | ||
| 500 | |a The contents of this book also appear in Language, Culture and Curriculum, Vol. 16, No. 2. | ||
| 504 | |a Includes bibliographical references | ||
| 651 | 0 | |a Africa |x Languages. | |
| 700 | 1 | |a Muthwii, Margaret Jepkirui |d 1957- |4 edt | |
| 700 | 1 | |a Kioko, Angelina Nduku |d 1958- |4 edt | |
| 852 | |a INST |b RHODES |e 20040923 |h 409.6 NEW |p 005400018576 |q 005400018576 |t BK |y 0 | ||
| 901 | |a BIBL4-2004-3 | ||
| 909 | |a Ρ |b 113318 | ||
| 922 | |a 4ΕΛΗ |b 200409 |c ΕΠΕΑΕΚ2/ΠΤΔΕ |d ΜΙΧΑΛΟΠΟΥΛΟΣ | ||
| 950 | |a 095-2004-06-16 | ||
| 970 | |z 2004/09/24 | ||